000
00311nam a22001457a 4500
008
210312b ||||| |||| 00| 0 eng d
020
_a
9781928782070
041
_a
eng
080
_a
316
082
_a
316
100
_a
50
101
_a
SOC
245
_a
In the Spotlight
_c
Esposito, J. E
942
_2
udc
_c
BK
999
_c
56560
_d
56560